Environmental valuation : (Registro nro. 2756)
[ vista simple ]
| 000 -CABECERA | |
|---|---|
| Campo de control | 00981cam a22002537i 4500 |
| 005 - FECHA Y HORA DE LA ULTIMA TRANSACCION | |
| Campo de control | 20160124084957.0 |
| 008 - ELEMENTOS DE LONGITUD FIJA—INFORMACION GENERAL | |
| Campo de control | 030714s2000 enkb b 001 0 eng d |
| 020 ## - ISBN | |
| ISBN | 1853836958 |
| 040 ## - FUENTE DE CATALOGACIÓN | |
| Agencia catalogadora original | EYM |
| Agencia transcriptora | EYM |
| Agencia Modificadora | IUL |
| -- | TXA |
| -- | VVC |
| -- | CUT |
| -- | OrLoB-B |
| -- | DLC |
| -- | CO-BoIAVH |
| 041 ## - IDIOMA | |
| Código de idioma para texto/pista de sonido o título separado | Inglés |
| 042 ## - AUTHENTICATION CODE | |
| Authentication code | lccopycat |
| 082 04 - NUMERO DE CLASIFICACION DECIMAL DEWEY | |
| Número de clasificación | 333.7 |
| Número del ítem | E61e |
| 245 00 - MENCION DE TITULO | |
| Título | Environmental valuation : |
| Parte restante del título | a worldwide compendium of case studies / |
| Mención de responsabilidad | edited by Jennifer Rietbergen-McCracken and Hussein Abaza. |
| 246 30 - FORMA VARIANTE DEL TITULO | |
| Título propiamente dicho/forma breve del título | Worldwide compendium of case studies |
| 260 ## - PUBLICACION, DISTRIBUCION, ETC. (PIE DE IMPRENTA) | |
| Lugar de publicación, distribución, etc. | [Nairobi, Kenya] : |
| Nombre del editor, distribuidor, etc. | UNEP, |
| Fecha de publicación, distribución, etc. | 2000. |
| 300 ## - DESCRIPCION FISICA | |
| Extensión | vi, 232 páginas ; |
| Dimensiones | 24 cm. |
| 504 ## - NOTA DE BIBLIOGRAFIA, ETC. | |
| Nota de bibliografía | Incluye referencias bibliográficas e índice. |
| 650 14 - ASIENTO SECUNDARIO DE MATERIA - TERMINO TEMATICO | |
| Término temático o nombre geográfico como elemento de entrada | Economía ambiental |
| Subdivisión de forma | Estudio de casos. |
| 9 (RLIN) | 54591 |
| 650 24 - ASIENTO SECUNDARIO DE MATERIA - TERMINO TEMATICO | |
| Término temático o nombre geográfico como elemento de entrada | Valoración |
| Subdivisión de forma | Estudio de casos. |
| 9 (RLIN) | 54592 |
| 700 1# - ASIENTO SECUNDARIO - NOMBRE PERSONAL | |
| Nombre personal | Rietbergen-McCracken, Jennifer, |
| Fechas asociadas con el nombre | 1962-, |
| Término de relación | editor. |
| 9 (RLIN) | 54593 |
| 700 1# - ASIENTO SECUNDARIO - NOMBRE PERSONAL | |
| Nombre personal | Abaza, Hussein, |
| Término de relación | editor. |
| 9 (RLIN) | 17304 |
| 710 2# - ASIENTO SECUNDARIO - NOMBRE CORPORATIVO | |
| Nombre corporativo o de jurisdicción como elemento de entrada | United Nations Environment Programme. |
| 9 (RLIN) | 8871 |
| 942 ## - ELEMENTOS ADICIONALES (KOHA) | |
| Sistema de clasificación | Dewey Decimal Classification |
| Tipo de ítem | Libro |
| Withdrawn status | Lost status | Sistema de Clasificación | Damaged status | No para préstamo | Colección | Inventariado | Ubicación Permanente | Ubicación actual | Fecha de adquisición | Fuente de Valor | Total Checkouts | Número topográfico | Inventario / Código de Barras | Date last seen | Ejemplar | Price effective from | Forma de adquisición | Tipo de material |
|---|---|---|---|---|---|---|---|---|---|---|---|---|---|---|---|---|---|---|
| Dewey Decimal Classification | General | Inventariado 2017 | Bogotá | Bogotá | 18/06/2002 | Amazon | LB-333.7 E61e | 004950 | 04/12/2012 | Ej. 1 | 04/12/2012 | Compra | Libro |